| 000 | 00532nam a2200193Ia 4500 | ||
|---|---|---|---|
| 005 | 20250423101028.0 | ||
| 008 | 250422s9999 xx 000 0 und d | ||
| 020 | _a9783031195754 | ||
| 050 | _aQE 319 .S77/ | ||
| 100 | _aEdited by Soumyajit Mukherjee | ||
| 245 | 0 | _aStructural Geology and Tectonics filed guidebook-volume 2 | |
| 250 | _a1st ed | ||
| 260 | _aSwitzerland | ||
| 260 | _bSpringer | ||
| 260 | _c2023 | ||
| 300 | _a18 p | ||
| 650 | _aEconomic geology. Geophysics. Mineralogy. Structural geology. | ||
| 942 | _cBK | ||
| 999 |
_c35068 _d35068 |
||